World Cities by Letter B - Picture Quiz - Statistics

General Stats
  • This quiz has been taken 228 times
  • The average score is 6 of 18
Answer Stats
Picture Answer % Correct
Barcelona
81%
Boston
80%
Budapest
72%
Berlin
59%
Bangkok
57%
Bucharest
45%
Bologna
41%
Belgrade
40%
Bogota
35%
Baltimore
25%
Brisbane
25%
Buenos Aires
22%
Busan
16%
Belfast
12%
Baku
8%
Belo Horizonte
4%
Brazzaville
4%
Beirut
3%
No matching quizzes found
Score Distribution
Percent of People with Each Score
Percentile by Number Answered
Your Score History
You have not taken this quiz